Moral man and immoral society; (Record no. 71668)

000 -LEADER
fixed length control field 00733cam a2200253u 4500
001 - CONTROL NUMBER
control field 7819083
003 - CONTROL NUMBER IDENTIFIER
control field Nust
005 - DATE AND TIME OF LATEST TRANSACTION
control field 20180702071007.0
008 - FIXED-LENGTH DATA ELEMENTS--GENERAL INFORMATION
fixed length control field 821208s1932 nyu 000 0 eng
010 ## - LIBRARY OF CONGRESS CONTROL NUMBER
LC control number 33001231
020 ## - INTERNATIONAL STANDARD BOOK NUMBER
International Standard Book Number 0826477143
Terms of availability Rs. 305
038 ## - RECORD CONTENT LICENSOR
Staff Name Arshad
040 ## - CATALOGING SOURCE
Original cataloging agency DLC
Transcribing agency CarP
Modifying agency DLC
050 00 - LIBRARY OF CONGRESS CALL NUMBER
Classification number HM216
Item number .N5
082 ## - DEWEY DECIMAL CLASSIFICATION NUMBER
Classification number 301
Author Mark NIE
100 1# - MAIN ENTRY--PERSONAL NAME
Personal name Niebuhr, Reinhold,
Dates associated with a name 1892-1971.
9 (RLIN) 11345
245 10 - TITLE STATEMENT
Title Moral man and immoral society;
Remainder of title a study in ethics and politics,
260 ## - PUBLICATION, DISTRIBUTION, ETC.
Place of publication, distribution, etc. New York,
-- London,
Name of publisher, distributor, etc. C. Scribner's sons,
Date of publication, distribution, etc. 1932.
300 ## - PHYSICAL DESCRIPTION
Extent 186p.,
Dimensions 21 cm.
650 #0 - SUBJECT ADDED ENTRY--TOPICAL TERM
Topical term or geographic name entry element Social ethics.
9 (RLIN) 11346
650 #0 - SUBJECT ADDED ENTRY--TOPICAL TERM
Topical term or geographic name entry element Political ethics.
9 (RLIN) 11347
906 ## - LOCAL DATA ELEMENT F, LDF (RLIN)
a 0
b cbc
c premunv
d u
e ncip
f 19
g y-gencatlg
942 ## - ADDED ENTRY ELEMENTS (KOHA)
Source of classification or shelving scheme
Koha item type Book
Holdings
Withdrawn status Lost status Source of classification or shelving scheme Damaged status Not for loan Collection code Permanent Location Current Location Shelving location Date acquired Total Checkouts Full call number Barcode Date last seen Copy number Price effective from Koha item type
            Central Library (CL) Central Library (CL) Book Cart 01/16/2017   301 NIE CL887 01/16/2017 1 01/16/2017 Book
© 2023 Central Library, National University of Sciences and Technology. All Rights Reserved.